000 00891cam a22001934a 4500
005 20250605164041.0
008 250528s ||||||||||||||||||||||||d
035 _a16975
020 _a415044502
040 _aGR-AtMCL
_bgre
_dGR-AtMCL
_eAACR2
245 1 _aArt, Culture, and Enterprise / The Politics of Art and the Cultural Industries
260 _bRouledge,
_c1990
300 _a166
520 _aThis investigative overview of the politics of arts and cultural funding examines the whole question of public support for the arts. Acknowledgements, Introduction, But What Does It Mean?, Public Arts Funding - Who Benefits?, Reaching the Parts Other Arts Don't, Commercial Culture, From Mass Production to Popular Production, Money - Money - Money, Changing the System, References, Index.
700 1 _aLewis Justin
_93096
942 _cBK
999 _c2418
_d2418